Memoria histórica que en la apertura del Museo provincial... el dia 11 de Agosto de 1839... / (Record no. 43416)

MARC details
000 -LEADER
campo de control de longitud fija 00872nam a2200217 i 4500
001 - NÚMERO DE CONTROL
campo de control 43416
003 - IDENTIFICADOR DE NÚMERO DE CONTROL
campo de control ES-MaACL
005 - FECHA Y HORA DE LA ÚLTIMA TRANSACCIÓN
campo de control 20250904063046.0
007 - CAMPO FIJO DE DESCRIPCIÓN FÍSICA--INFORMACIÓN GENERAL
campo de control de longitud fija t|
008 - DATOS DE LONGITUD FIJA--INFORMACIÓN GENERAL
campo de control de longitud fija 030317s1839 sp ||||1| spa d
100 1# - ENTRADA PRINCIPAL--NOMBRE DE PERSONA
Nombre de persona Castro y Orozco, José de,
Títulos y otros términos asociados al nombre Marqués de Gerona,
Fechas asociadas al nombre 1808-1869
9 (RLIN) 36976
245 10 - MENCIÓN DEL TÍTULO
Título Memoria histórica que en la apertura del Museo provincial... el dia 11 de Agosto de 1839... /
Mención de responsabilidad, etc. pronunció José de Castro y Orozco.
260 ## - PUBLICACIÓN, DISTRIBUCIÓN, ETC.
Lugar de publicación, distribución, etc. Granada :
Nombre del editor, distribuidor, etc. [s.n.],
Fecha de publicación, distribución, etc. 1839 (
Fabricante Sanz)
300 ## - DESCRIPCIÓN FÍSICA
Extensión 60 p. ;
Dimensiones 15 cm.
500 ## - NOTA GENERAL
Nota general Precede al tit.: Bellas Artes de Granada.
530 ## - NOTA DISPONIBLE DE FORMULARIO FÍSICO ADICIONAL
Nota de formato físico adicional disponible Disponible en formato digital.
650 #7 - PUNTO DE ACCESO ADICIONAL DE MATERIA--TÉRMINO DE MATERIA
Término de materia o nombre geográfico como elemento de entrada Arquitectura-
Subdivisión geográfica Granada
Fuente del encabezamiento o término
9 (RLIN) 158344
852 ## - LOCALIZACIÓN
Ubicación ES-MaACL
Número de control de estantería G-9298(2)
Nota libre .- Encuadernado con otra obra
856 ## - LOCALIZACIÓN Y ACCESO ELECTRÓNICOS
Identificador Uniforme de Recursos <a href="http://bdh-rd.bne.es/viewer.vm?id=0000092457&page=1 ">http://bdh-rd.bne.es/viewer.vm?id=0000092457&page=1 </a>
Nota pública Biblioteca Digital Hispánica
Holdings
Estatus retirado Estado de pérdida Estado de daño No para préstamo Colección Biblioteca de origen Biblioteca actual Ubicación en estantería Fecha de adquisición Fuente de adquisición Total de préstamos Signatura topográfica completa Código de barras Visto por última vez Precio de reemplazo Tipo de ítem Koha
        Colección digital Biblioteca del Ateneo de Madrid Biblioteca del Ateneo de Madrid Sala Pecera Planta 3 17/01/2008     G-9298(2) 1045705 23/02/2023 23/02/2023 Libro impreso antiguo